| 000 | 00938nam a2200229Ia 4500 | ||
|---|---|---|---|
| 003 | GCL | ||
| 008 | 140319s9999 xx 000 0 ara d | ||
| 020 | _a6202099906 | ||
| 040 |
_aGCL / _cGCL |
||
| 082 | 0 | 4 |
_aد _b591.4 _bز ف |
| 100 | 1 | _aزيمرمان،مايكل | |
| 245 | 1 | 0 |
_aالفلسفة البيئية ( عالم المعرفة 333 نوفمبر 2006 ) : _bج2 من حقوق الحيوان الى الايكولوجيا الجذرية / _cزيمرمان،مايكل |
| 700 | 1 | _aمعين شفيق رومية | |
| 260 |
_aالكويت : _bالمجلس الوطنى للثقافة والفنون والاداب ، _c2006 |
||
| 300 |
_a367 ص ؛ _c20 سم |
||
| 490 |
_aعالم المعرفة _v333 |
||
| 650 | 0 | 4 | _aالقسوة على الحيوانات |
| 650 | 0 | 4 | _aالحيوانات - معاملة |
| 650 | 0 | 4 | _aالحيوانات - العادات والسلوك |
| 650 | 0 | 4 | _aحقوق الحيوان |
| 942 |
_2ddc _cBK |
||
| 999 |
_c9006 _d9006 |
||